| Tag |
First Indicator |
Second Indicator |
Subfields |
| LEADER |
00000cam a2200000 i 4500 |
| 001 |
in00005771827 |
| 005 |
20260327174524.5 |
| 006 |
m o d |
| 007 |
cr cnu---unuuu |
| 008 |
230616t20232023enka ob 001 0 eng d |
| 040 |
|
|
|a YDX
|b eng
|e rda
|e pn
|c YDX
|d OPELS
|d N$T
|d YDX
|d OCLCF
|d OCLCO
|d WAU
|d UKKRT
|d OCLCL
|d Y@Y
|
| 020 |
|
|
|a 9780128221624
|q (electronic book)
|
| 020 |
|
|
|a 0128221623
|q (electronic book)
|
| 020 |
|
|
|z 9780128221259
|
| 020 |
|
|
|z 0128221259
|
| 035 |
|
|
|a (OCoLC)1382524778
|
| 050 |
|
4 |
|a R857.R63
|b U58 2023
|
| 050 |
|
4 |
|a TJ211.36
|
| 060 |
|
4 |
|a QT 36.2
|
| 082 |
0 |
4 |
|a 610.285
|2 23/eng/20230710
|
| 082 |
0 |
4 |
|a 629.8932
|2 23/eng/20230623
|
| 049 |
|
|
|a TXAM
|
| 245 |
0 |
0 |
|a Untethered small-scale robots for biomedical applications /
|c edited by Haojian Lu, Xian Wang, Shuailong Zhang.
|
| 264 |
|
1 |
|a London ;
|a San Diego, CA :
|b Academic Press, an imprint of Elsevier,
|c [2023]
|
| 264 |
|
4 |
|c ©2023
|
| 300 |
|
|
|a 1 online resource (xi, 150 pages) :
|b illustrations
|
| 336 |
|
|
|a text
|b txt
|2 rdacontent
|
| 337 |
|
|
|a computer
|b c
|2 rdamedia
|
| 338 |
|
|
|a online resource
|b cr
|2 rdacarrier
|
| 504 |
|
|
|a Includes bibliographical references and index
|
| 505 |
0 |
|
|a 1. Actual and biomedical development of micro/nanobots -- 2. Magnetic micro/nanobots for intracellular and intraembryonic measurement -- 3. Ultra-extensible ribbon-like magnetic microswarm -- 4. Biohybrid microrobots driven by sperm -- 5. Minimalist milliscale robot construction by M-spray -- 6. Microrobots and micromachines based on optoelectronic tweezers -- 7. Small-scale robots with programmable magnetization profiles -- 8. Conclusions -- Index.
|
| 588 |
|
|
|a Description based on online resource; title from PDF title page (ProQuest Ebook Central, viewed on July 10, 2023).
|
| 650 |
|
0 |
|a Robotics in medicine.
|
| 650 |
|
0 |
|a Microrobots.
|
| 650 |
|
0 |
|a Biomedical engineering.
|
| 650 |
|
0 |
|a Robotics.
|
| 650 |
|
2 |
|a Robotics
|
| 650 |
|
6 |
|a Robotique en médecine.
|
| 650 |
|
6 |
|a Microrobots.
|
| 650 |
|
6 |
|a Génie biomédical.
|
| 650 |
|
6 |
|a Robotique.
|
| 650 |
|
7 |
|a biomedical engineering.
|2 aat
|
| 650 |
|
7 |
|a Biomedical engineering
|2 fast
|
| 650 |
|
7 |
|a Microrobots
|2 fast
|
| 655 |
|
7 |
|a Electronic books.
|2 local
|
| 700 |
1 |
|
|a Lu, Haojian,
|e editor
|
| 700 |
1 |
|
|a Wang, Xian,
|e editor
|
| 700 |
1 |
|
|a Zhang, Shuailong,
|e editor
|
| 710 |
2 |
|
|a ScienceDirect (Online service)
|
| 776 |
0 |
8 |
|i Print version:
|t UNTETHERED SMALL-SCALE ROBOTS FOR BIOMEDICAL APPLICATIONS.
|d [S.l.] : ELSEVIER ACADEMIC PRESS, 2022
|z 0128221259
|w (OCoLC)1294286137
|
| 856 |
4 |
0 |
|u http://proxy.library.tamu.edu/login?url=https://www.sciencedirect.com/science/book/9780128221259
|z Connect to the full text of this electronic book
|t 0
|
| 955 |
|
|
|a Elsevier ScienceDirect 2026-2027
|
| 994 |
|
|
|a 92
|b TXA
|
| 999 |
f |
f |
|i febad09c-1ad5-4931-a80a-a998c0da1ec1
|s 0b86056e-bffa-4f0e-aac5-d871c0b2e74c
|t 0
|
| 952 |
f |
f |
|a Texas A&M University
|b College Station
|c Electronic Resources
|s www_evans
|d Available Online
|t 0
|e R857.R63 U58 2023
|h Library of Congress classification
|
| 998 |
f |
f |
|a R857.R63 U58 2023
|t 0
|l Available Online
|